[Event "Blitz 2018"]
[Site "Saint-Petersburg"]
[Date "2018.12.30"]
[Round "17"]
[Board "33"]
[White "Vallejo Pons Francisco (ESP)"]
[Black "Usmanov Vasily (RUS)"]
[Result "1-0"]
[LiveChessVersion "1.4.8"]
[BlackElo "2459"]
[WhiteElo "2673"]

1. d4 {[%clk 0:03:03]} d5 {[%clk 0:03:03]} 2. c4 {[%clk 0:03:04]} dxc4
{[%clk 0:03:04]} 3. e3 {[%clk 0:03:05]} e5 {[%clk 0:03:02]} 4. Bxc4
{[%clk 0:03:05]} exd4 {[%clk 0:03:03]} 5. exd4 {[%clk 0:03:05]} Nf6
{[%clk 0:03:00]} 6. Qb3 {[%clk 0:02:58]} Qe7+ {[%clk 0:03:01]} 7. Be3
{[%clk 0:02:46]} Qb4+ {[%clk 0:03:02]} 8. Nc3 {[%clk 0:02:47]} Qxb3
{[%clk 0:03:02]} 9. Bxb3 {[%clk 0:02:48]} a6 {[%clk 0:02:54]} 10. Nf3
{[%clk 0:02:33]} Bd6 {[%clk 0:02:55]} 11. Bg5 {[%clk 0:02:18]} Nbd7
{[%clk 0:02:50]} 12. O-O-O {[%clk 0:02:09]} O-O {[%clk 0:02:50]} 13. Rhe1
{[%clk 0:02:10]} h6 {[%clk 0:02:49]} 14. Bh4 {[%clk 0:02:09]} g5 {[%clk 0:02:27]}
15. Bg3 {[%clk 0:02:08]} Nb6 {[%clk 0:02:27]} 16. Ne5 {[%clk 0:01:58]} Bf5
{[%clk 0:02:19]} 17. f4 {[%clk 0:01:56]} Nh5 {[%clk 0:02:09]} 18. fxg5
{[%clk 0:01:47]} Nxg3 {[%clk 0:02:09]} 19. hxg3 {[%clk 0:01:47]} hxg5
{[%clk 0:02:10]} 20. Rf1 {[%clk 0:01:38]} Be6 {[%clk 0:02:06]} 21. Ne4
{[%clk 0:01:29]} Bxb3 {[%clk 0:02:00]} 22. Nf6+ {[%clk 0:01:25]} Kg7
{[%clk 0:01:58]} 23. axb3 {[%clk 0:01:24]} Rad8 {[%clk 0:01:09]} 24. Nh5+
{[%clk 0:01:05]} Kg8 {[%clk 0:00:56]} 25. Rf5 {[%clk 0:01:04]} Be7
{[%clk 0:00:32]} 26. Ng4 {[%clk 0:00:55]} Rd6 {[%clk 0:00:28]} 27. Rdf1
{[%clk 0:00:49]} Nd5 {[%clk 0:00:28]} 28. Rxd5 {[%clk 0:00:48]} Rxd5
{[%clk 0:00:28]} 29. Ngf6+ {[%clk 0:00:44]} Bxf6 {[%clk 0:00:26]} 30. Nxf6+
{[%clk 0:00:45]} Kg7 {[%clk 0:00:28]} 31. Nxd5 {[%clk 0:00:45]} Rd8
{[%clk 0:00:27]} 32. Ne3 {[%clk 0:00:45]} Kg6 {[%clk 0:00:27]} 33. Nf5
{[%clk 0:00:44]} g4 {[%clk 0:00:26]} 34. Kc2 {[%clk 0:00:43]} Re8
{[%clk 0:00:23]} 35. Kd3 {[%clk 0:00:43]} Kg5 {[%clk 0:00:21]} 36. Ne3
{[%clk 0:00:43]} f6 {[%clk 0:00:19]} 37. Rf5+ {[%clk 0:00:43]} Kg6
{[%clk 0:00:20]} 38. Rf4 {[%clk 0:00:44]} Rh8 {[%clk 0:00:18]} 39. Rxg4+
{[%clk 0:00:45]} Kf7 40. Rh4 Rg8 {[%clk 0:00:21]} 41. g4 {[%clk 0:00:47]} Ke6
{[%clk 0:00:22]} 42. Rh7 {[%clk 0:00:47]} Kd6 {[%clk 0:00:23]} 43. Rf7
{[%clk 0:00:47]} Rg6 {[%clk 0:00:24]} 44. b4 {[%clk 0:00:47]} Kc6
{[%clk 0:00:21]} 45. Kc4 {[%clk 0:00:46]} b5+ {[%clk 0:00:19]} 46. Kd3
{[%clk 0:00:46]} Kd6 {[%clk 0:00:21]} 47. Ke4 {[%clk 0:00:46]} c6
{[%clk 0:00:16]} 48. Nf5+ {[%clk 0:00:47]} Ke6 {[%clk 0:00:16]} 49. Re7#
{[%clk 0:00:47]} Kd5+ 1-0

[Event "Blitz 2018"]
[Site "Saint-Petersburg"]
[Date "2018.12.30"]
[Round "17"]
[Board "34"]
[White "Hakobyan Aram (ARM)"]
[Black "Salem A.R. Saleh (UAE)"]
[Result "1/2-1/2"]
[LiveChessVersion "1.4.8"]
[BlackElo "2645"]
[WhiteElo "2451"]

1. d4 {[%clk 0:03:03]} Nf6 {[%clk 0:03:03]} 2. Nf3 {[%clk 0:03:03]} g6
{[%clk 0:03:04]} 3. g3 {[%clk 0:03:05]} Bg7 {[%clk 0:03:05]} 4. Bg2
{[%clk 0:03:06]} d5 {[%clk 0:03:07]} 5. O-O {[%clk 0:03:06]} O-O {[%clk 0:03:08]}
6. c4 {[%clk 0:03:05]} dxc4 {[%clk 0:03:08]} 7. Na3 {[%clk 0:03:05]} c3
{[%clk 0:03:09]} 8. bxc3 {[%clk 0:03:07]} c5 {[%clk 0:03:11]} 9. e3
{[%clk 0:03:04]} Nc6 {[%clk 0:03:11]} 10. Bb2 {[%clk 0:02:51]} Bf5
{[%clk 0:03:01]} 11. Nd2 {[%clk 0:02:50]} Rc8 {[%clk 0:02:53]} 12. e4
{[%clk 0:02:16]} Bg4 {[%clk 0:02:53]} 13. f3 {[%clk 0:02:17]} Bd7
{[%clk 0:02:05]} 14. d5 {[%clk 0:01:43]} Ne5 {[%clk 0:02:03]} 15. c4
{[%clk 0:01:43]} Nd3 {[%clk 0:02:00]} 16. Bc3 {[%clk 0:01:44]} Nb4
{[%clk 0:00:54]} 17. Nc2 {[%clk 0:01:11]} Ba4 {[%clk 0:00:51]} 18. Nb3
{[%clk 0:01:11]} b5 {[%clk 0:00:33]} 19. Ne3 {[%clk 0:00:35]} Ng4
{[%clk 0:00:33]} 20. Qd2 {[%clk 0:00:07]} Bxc3 {[%clk 0:00:33]} 21. Qxc3
{[%clk 0:00:08]} Nxe3 {[%clk 0:00:34]} 22. Qxe3 {[%clk 0:00:09]} Nc2
{[%clk 0:00:35]} 23. Qc3 {[%clk 0:00:10]} Nxa1 {[%clk 0:00:33]} 24. Rxa1
{[%clk 0:00:11]} bxc4 {[%clk 0:00:31]} 25. Qxc4 {[%clk 0:00:12]} Bxb3
{[%clk 0:00:29]} 26. axb3 {[%clk 0:00:13]} Qb6 {[%clk 0:00:31]} 27. e5
{[%clk 0:00:12]} Rb8 {[%clk 0:00:31]} 28. Ra3 {[%clk 0:00:13]} Qb4
{[%clk 0:00:20]} 29. Qxb4 {[%clk 0:00:09]} Rxb4 {[%clk 0:00:21]} 30. Rxa7
{[%clk 0:00:07]} Rxb3 {[%clk 0:00:09]} 31. Rxe7 {[%clk 0:00:08]} Ra8
{[%clk 0:00:08]} 32. d6 {[%clk 0:00:06]} Ra1+ {[%clk 0:00:09]} 33. Bf1
{[%clk 0:00:07]} Kf8 {[%clk 0:00:04]} 34. Rc7 {[%clk 0:00:05]} Rbb1
{[%clk 0:00:05]} 35. Rc8+ {[%clk 0:00:05]} Kg7 {[%clk 0:00:06]} 36. d7
{[%clk 0:00:07]} Rxf1+ {[%clk 0:00:07]} 37. Kg2 {[%clk 0:00:09]} Rg1+
{[%clk 0:00:06]} 38. Kf2 {[%clk 0:00:06]} Rgf1+ {[%clk 0:00:07]} 39. Kg2
{[%clk 0:00:07]} Rg1+ {[%clk 0:00:06]} 40. Kf2 {[%clk 0:00:08]} Rgf1+
{[%clk 0:00:08]} 41. Kg2 {[%clk 0:00:09]} Rfd1 {[%clk 0:00:07]} 42. d8=Q
{[%clk 0:00:10]} Ra2+ {[%clk 0:00:06]} 43. Kh3 {[%clk 0:00:11]} Rxd8
{[%clk 0:00:07]} 44. Rxd8 {[%clk 0:00:11]} Re2 {[%clk 0:00:04]} 45. f4
{[%clk 0:00:12]} c4 {[%clk 0:00:05]} 46. Rc8 {[%clk 0:00:13]} Rc2
{[%clk 0:00:05]} 47. g4 {[%clk 0:00:14]} h6 {[%clk 0:00:04]} 48. Rc7
{[%clk 0:00:15]} Kf8 {[%clk 0:00:05]} 49. f5 {[%clk 0:00:16]} Rc3+
{[%clk 0:00:05]} 50. Kg2 {[%clk 0:00:17]} gxf5 {[%clk 0:00:05]} 51. gxf5
{[%clk 0:00:18]} Re3 {[%clk 0:00:06]} 52. e6 {[%clk 0:00:18]} fxe6
{[%clk 0:00:06]} 1/2-1/2

[Event "Blitz 2018"]
[Site "Saint-Petersburg"]
[Date "2018.12.30"]
[Round "17"]
[Board "35"]
[White "Bazeev German (RUS)"]
[Black "Alekseenko Kirill (RUS)"]
[Result "0-1"]
[LiveChessVersion "1.4.8"]
[BlackElo "2665"]
[WhiteElo "2422"]

1. d4 {[%clk 0:03:02]} d5 {[%clk 0:03:04]} 2. Nf3 {[%clk 0:03:02]} Nf6 3. c4 dxc4
{[%clk 0:03:06]} 4. e3 {[%clk 0:03:02]} Bg4 {[%clk 0:03:08]} 5. Bxc4
{[%clk 0:03:00]} e6 {[%clk 0:03:09]} 6. O-O {[%clk 0:02:48]} a6 {[%clk 0:03:10]}
7. Be2 {[%clk 0:02:48]} Bd6 {[%clk 0:03:11]} 8. Nbd2 {[%clk 0:02:47]} Nc6
{[%clk 0:03:03]} 9. Nc4 O-O {[%clk 0:03:02]} 10. b3 {[%clk 0:02:47]} Qe7
{[%clk 0:03:03]} 11. Bb2 {[%clk 0:02:46]} Rfd8 {[%clk 0:03:05]} 12. Rc1
{[%clk 0:02:42]} Rac8 {[%clk 0:03:03]} 13. h3 {[%clk 0:02:42]} Bh5
{[%clk 0:03:05]} 14. Nfd2 {[%clk 0:02:20]} Bxe2 {[%clk 0:02:54]} 15. Qxe2
{[%clk 0:02:22]} e5 {[%clk 0:02:55]} 16. dxe5 {[%clk 0:02:15]} Bxe5
{[%clk 0:02:48]} 17. Nxe5 {[%clk 0:02:16]} Nxe5 {[%clk 0:02:49]} 18. Rcd1
{[%clk 0:02:01]} Nd3 {[%clk 0:02:18]} 19. Ba1 {[%clk 0:01:48]} c5
{[%clk 0:01:56]} 20. Nc4 {[%clk 0:01:45]} Nb4 {[%clk 0:01:56]} 21. Nb6
{[%clk 0:01:38]} Rc6 {[%clk 0:01:32]} 22. Rxd8+ Qxd8 {[%clk 0:01:34]} 23. Rd1
{[%clk 0:01:39]} Qxb6 {[%clk 0:01:32]} 24. Bxf6 {[%clk 0:01:36]} Rxf6
{[%clk 0:01:32]} 25. Qg4 {[%clk 0:01:35]} h6 {[%clk 0:01:05]} 26. Qe4
{[%clk 0:01:31]} Re6 {[%clk 0:01:03]} 27. Qf5 {[%clk 0:01:26]} Qc7
{[%clk 0:01:00]} 28. a3 Nc6 {[%clk 0:00:56]} 29. Qxc5 {[%clk 0:01:23]} Qe7
{[%clk 0:00:54]} 30. Qb6 {[%clk 0:01:20]} g6 31. b4 h5 {[%clk 0:00:50]} 32. h4
{[%clk 0:01:15]} Kg7 {[%clk 0:00:51]} 33. g3 {[%clk 0:01:16]} Re5
{[%clk 0:00:50]} 0-1

[Event "Blitz 2018"]
[Site "Saint-Petersburg"]
[Date "2018.12.30"]
[Round "17"]
[Board "36"]
[White "Khanin Semen (RUS)"]
[Black "Le Quang Liem (VIE)"]
[Result "1-0"]
[LiveChessVersion "1.4.8"]
[BlackElo "2749"]
[WhiteElo "2564"]

1. e4 {[%clk 0:03:03]} c6 {[%clk 0:03:03]} 2. d4 {[%clk 0:03:04]} d5
{[%clk 0:03:05]} 3. Nd2 {[%clk 0:03:04]} dxe4 {[%clk 0:03:05]} 4. Nxe4
{[%clk 0:03:05]} Bf5 {[%clk 0:03:06]} 5. Ng3 {[%clk 0:03:06]} Bg6
{[%clk 0:03:07]} 6. h4 {[%clk 0:03:07]} h6 {[%clk 0:03:06]} 7. Nf3
{[%clk 0:03:08]} Nd7 {[%clk 0:03:03]} 8. h5 {[%clk 0:03:08]} Bh7 {[%clk 0:03:04]}
9. Bd3 {[%clk 0:03:09]} Bxd3 {[%clk 0:03:05]} 10. Qxd3 {[%clk 0:03:10]} e6
{[%clk 0:03:06]} 11. Bd2 {[%clk 0:03:10]} Ngf6 {[%clk 0:03:02]} 12. O-O-O
{[%clk 0:03:10]} Bd6 {[%clk 0:03:02]} 13. Ne4 {[%clk 0:02:59]} Nxe4
{[%clk 0:03:01]} 14. Qxe4 {[%clk 0:03:00]} Qe7 {[%clk 0:02:45]} 15. Kb1
{[%clk 0:02:55]} Nf6 {[%clk 0:02:37]} 16. Qe2 {[%clk 0:02:55]} O-O-O
{[%clk 0:02:36]} 17. c4 {[%clk 0:02:53]} Bc7 {[%clk 0:02:26]} 18. Bc3
{[%clk 0:02:51]} Rhe8 {[%clk 0:02:24]} 19. Ne5 {[%clk 0:02:47]} Nd7
{[%clk 0:02:14]} 20. f4 {[%clk 0:02:41]} f5 {[%clk 0:02:00]} 21. Nxd7
{[%clk 0:02:16]} Qxd7 {[%clk 0:01:59]} 22. g3 {[%clk 0:01:54]} Qf7
{[%clk 0:01:58]} 23. Qf3 {[%clk 0:01:46]} Rd7 {[%clk 0:01:56]} 24. Rhe1
{[%clk 0:01:45]} g6 {[%clk 0:01:40]} 25. hxg6 {[%clk 0:01:44]} Qxg6
{[%clk 0:01:41]} 26. Re3 {[%clk 0:01:42]} Bb6 {[%clk 0:01:33]} 27. Qe2
{[%clk 0:01:24]} h5 {[%clk 0:01:16]} 28. a4 {[%clk 0:01:19]} a6 {[%clk 0:01:14]}
29. Red3 {[%clk 0:01:01]} Qg4 {[%clk 0:01:12]} 30. Qe1 {[%clk 0:00:31]} h4
{[%clk 0:01:12]} 31. gxh4 {[%clk 0:00:30]} Qxf4 {[%clk 0:01:12]} 32. h5
{[%clk 0:00:28]} Rh7 {[%clk 0:00:53]} 33. d5 {[%clk 0:00:28]} Qxc4
{[%clk 0:00:44]} 34. dxc6 {[%clk 0:00:19]} bxc6 {[%clk 0:00:45]} 35. Qh1
{[%clk 0:00:15]} Qe4 {[%clk 0:00:44]} 36. Qh3 {[%clk 0:00:12]} Rd8
{[%clk 0:00:42]} 37. Kc2 {[%clk 0:00:11]} Qxa4+ {[%clk 0:00:43]} 38. Kc1
{[%clk 0:00:11]} Qe4 {[%clk 0:00:31]} 39. Rxd8+ {[%clk 0:00:11]} Bxd8
{[%clk 0:00:31]} 40. Qf1 {[%clk 0:00:09]} Qa4 {[%clk 0:00:23]} 41. Kb1
{[%clk 0:00:10]} Rxh5 {[%clk 0:00:18]} 42. Qd3 {[%clk 0:00:11]} Qe4
{[%clk 0:00:19]} 43. Qxe4 {[%clk 0:00:11]} fxe4 {[%clk 0:00:20]} 44. Rd6
{[%clk 0:00:12]} Kc7 {[%clk 0:00:11]} 45. Rxe6 {[%clk 0:00:13]} Rh4
{[%clk 0:00:11]} 46. Kc2 {[%clk 0:00:09]} Kd7 {[%clk 0:00:12]} 47. Rg6
{[%clk 0:00:10]} Rh2+ {[%clk 0:00:10]} 48. Kb3 {[%clk 0:00:11]} e3
{[%clk 0:00:11]} 49. Rg7+ {[%clk 0:00:10]} Kc8 {[%clk 0:00:10]} 50. Kc4
{[%clk 0:00:09]} e2 {[%clk 0:00:10]} 51. Rg8 {[%clk 0:00:10]} Kd7
{[%clk 0:00:09]} 52. Rg7+ {[%clk 0:00:11]} Kc8 {[%clk 0:00:07]} 53. Rg8
{[%clk 0:00:12]} Rh7 {[%clk 0:00:06]} 54. Re8 {[%clk 0:00:10]} Kd7
{[%clk 0:00:04]} 55. Rxe2 {[%clk 0:00:10]} Rh4+ {[%clk 0:00:05]} 56. Kb3
{[%clk 0:00:11]} a5 {[%clk 0:00:06]} 57. Rd2+ {[%clk 0:00:11]} Kc7
{[%clk 0:00:06]} 58. Bxa5+ {[%clk 0:00:12]} Kb7 {[%clk 0:00:06]} 59. Bxd8
{[%clk 0:00:12]} Rh3+ {[%clk 0:00:07]} 60. Kc2 {[%clk 0:00:13]} c5
{[%clk 0:00:08]} 61. Bf6 {[%clk 0:00:14]} Kc6 {[%clk 0:00:10]} 62. Bc3
{[%clk 0:00:15]} Kb5 {[%clk 0:00:11]} 63. Kb3 {[%clk 0:00:15]} Rh4
{[%clk 0:00:11]} 64. Rd8 {[%clk 0:00:16]} Rg4 {[%clk 0:00:11]} 65. Rb8+
{[%clk 0:00:16]} Kc6 {[%clk 0:00:12]} 66. Ka3 {[%clk 0:00:13]} Rh4
{[%clk 0:00:12]} 67. Rc8+ {[%clk 0:00:12]} Kb5 {[%clk 0:00:12]} 68. Kb3
{[%clk 0:00:13]} Rg4 {[%clk 0:00:11]} 69. Bd2 {[%clk 0:00:14]} Re4
{[%clk 0:00:11]} 70. Kc3 {[%clk 0:00:14]} Rc4+ {[%clk 0:00:11]} 71. Kd3
{[%clk 0:00:15]} Rd4+ {[%clk 0:00:12]} 72. Kc2 {[%clk 0:00:15]} Re4
{[%clk 0:00:13]} 73. b3 {[%clk 0:00:14]} Re5 {[%clk 0:00:10]} 74. Kd3
{[%clk 0:00:14]} Rd5+ {[%clk 0:00:11]} 75. Kc3 {[%clk 0:00:15]} Re5
{[%clk 0:00:12]} 76. Rb8+ {[%clk 0:00:15]} Kc6 {[%clk 0:00:13]} 77. Bf4
{[%clk 0:00:12]} Re4 {[%clk 0:00:14]} 78. Bd2 {[%clk 0:00:11]} Rg4
{[%clk 0:00:14]} 79. Be3 {[%clk 0:00:11]} Re4 {[%clk 0:00:10]} 80. Kd3
{[%clk 0:00:10]} Re5 {[%clk 0:00:11]} 81. Rc8+ {[%clk 0:00:09]} Kb5
{[%clk 0:00:12]} 82. Bf2 {[%clk 0:00:07]} Rd5+ {[%clk 0:00:12]} 83. Kc3
{[%clk 0:00:08]} Rf5 {[%clk 0:00:13]} 84. Rb8+ {[%clk 0:00:08]} Kc6
{[%clk 0:00:15]} 85. Be3 {[%clk 0:00:09]} Re5 {[%clk 0:00:16]} 86. Kd3
{[%clk 0:00:10]} Rh5 {[%clk 0:00:12]} 87. Rg8 {[%clk 0:00:08]} Kb5
{[%clk 0:00:07]} 88. Rg5 {[%clk 0:00:06]} Rh3 {[%clk 0:00:05]} 89. Rxc5+ Kb4 90.
Rc8 {[%clk 0:00:04]} Kxb3 {[%clk 0:00:08]} 91. Rb8+ {[%clk 0:00:05]} Ka4
{[%clk 0:00:08]} 92. Kc4 {[%clk 0:00:06]} Ka3 {[%clk 0:00:06]} 93. Bd4
{[%clk 0:00:06]} Ka2 {[%clk 0:00:06]} 94. Rb2+ {[%clk 0:00:05]} Ka3
{[%clk 0:00:07]} 95. Rg2 {[%clk 0:00:04]} Ka4 {[%clk 0:00:05]} 96. Rb2
{[%clk 0:00:04]} Ka3 {[%clk 0:00:04]} 97. Rb1 {[%clk 0:00:04]} Rh2
{[%clk 0:00:03]} 98. Rb8 {[%clk 0:00:04]} Rh4 {[%clk 0:00:03]} 1-0

[Event "Blitz 2018"]
[Site "Saint-Petersburg"]
[Date "2018.12.30"]
[Round "17"]
[Board "37"]
[White "Sargissian Gabriel (ARM)"]
[Black "Najer Evgeniy (RUS)"]
[Result "0-1"]
[LiveChessVersion "1.4.8"]
[BlackElo "2573"]
[WhiteElo "2651"]

1. d4 {[%clk 0:03:03]} Nf6 {[%clk 0:03:04]} 2. Nf3 {[%clk 0:03:03]} e6
{[%clk 0:03:05]} 3. c4 {[%clk 0:03:04]} Bb4+ {[%clk 0:03:05]} 4. Bd2
{[%clk 0:03:03]} c5 {[%clk 0:03:06]} 5. Bxb4 {[%clk 0:03:02]} cxb4
{[%clk 0:03:08]} 6. g3 {[%clk 0:03:03]} b6 {[%clk 0:03:09]} 7. Bg2
{[%clk 0:03:04]} Bb7 {[%clk 0:03:10]} 8. O-O {[%clk 0:03:04]} a5 {[%clk 0:03:10]}
9. Qd3 {[%clk 0:03:01]} O-O {[%clk 0:03:10]} 10. Nbd2 {[%clk 0:03:02]} d6
{[%clk 0:03:11]} 11. Rfd1 {[%clk 0:03:02]} Re8 {[%clk 0:03:11]} 12. Ne1
{[%clk 0:03:03]} Bxg2 {[%clk 0:03:08]} 13. Nxg2 {[%clk 0:03:03]} Nbd7
{[%clk 0:03:04]} 14. Ne3 {[%clk 0:02:57]} Qc7 {[%clk 0:02:56]} 15. a3
{[%clk 0:02:56]} bxa3 {[%clk 0:02:53]} 16. bxa3 {[%clk 0:02:57]} h5
{[%clk 0:02:40]} 17. Rab1 {[%clk 0:02:44]} e5 {[%clk 0:02:29]} 18. Ne4
{[%clk 0:02:21]} Rac8 {[%clk 0:02:09]} 19. Nc3 {[%clk 0:02:14]} e4
{[%clk 0:01:58]} 20. Qd2 {[%clk 0:02:05]} Qd8 {[%clk 0:01:52]} 21. Rb5
{[%clk 0:02:02]} g6 {[%clk 0:01:47]} 22. Rdb1 {[%clk 0:02:00]} Rc6
{[%clk 0:01:46]} 23. Na4 {[%clk 0:01:25]} Ng4 {[%clk 0:01:10]} 24. Nb2
{[%clk 0:01:07]} Nxe3 {[%clk 0:01:04]} 25. Qxe3 {[%clk 0:01:08]} Nf6
{[%clk 0:00:59]} 26. Qg5 {[%clk 0:01:05]} e3 {[%clk 0:00:52]} 27. f3
{[%clk 0:01:05]} Qe7 {[%clk 0:00:42]} 28. Rd1 {[%clk 0:01:03]} Kg7
{[%clk 0:00:35]} 29. Rd3 {[%clk 0:01:01]} d5 {[%clk 0:00:33]} 30. cxd5
{[%clk 0:00:51]} Rc1+ {[%clk 0:00:21]} 31. Nd1 {[%clk 0:00:52]} Qd7
{[%clk 0:00:11]} 32. a4 {[%clk 0:00:37]} Ra1 {[%clk 0:00:11]} 33. Kg2
{[%clk 0:00:33]} Rxa4 {[%clk 0:00:12]} 34. Nc3 {[%clk 0:00:25]} Rb4 35. Rxb4 axb4
{[%clk 0:00:03]} 36. Ne4 {[%clk 0:00:25]} Nxe4 {[%clk 0:00:04]} 37. fxe4
{[%clk 0:00:27]} Rxe4 {[%clk 0:00:06]} 38. Rb3 {[%clk 0:00:22]} Qd6
{[%clk 0:00:05]} 39. Kf3 {[%clk 0:00:18]} Rxd4 {[%clk 0:00:06]} 40. Rxe3
{[%clk 0:00:16]} Qxd5+ {[%clk 0:00:06]} 41. Qxd5 {[%clk 0:00:15]} Rxd5
{[%clk 0:00:07]} 42. Rb3 {[%clk 0:00:16]} Rb5 43. Ke4 Kf6 {[%clk 0:00:07]} 44.
Kd4 {[%clk 0:00:18]} Kf5 {[%clk 0:00:08]} 45. Kc4 {[%clk 0:00:16]} Re5
{[%clk 0:00:09]} 46. Rf3+ {[%clk 0:00:15]} Ke6 {[%clk 0:00:10]} 47. e3 Re4+ 48.
Kd3 {[%clk 0:00:17]} Re5 {[%clk 0:00:12]} 49. Kc4 {[%clk 0:00:17]} Re4+
{[%clk 0:00:13]} 50. Kd3 {[%clk 0:00:18]} Rg4 {[%clk 0:00:15]} 51. e4
{[%clk 0:00:17]} f6 {[%clk 0:00:15]} 52. Rf1 {[%clk 0:00:15]} Ke5
{[%clk 0:00:15]} 53. Re1 {[%clk 0:00:14]} h4 {[%clk 0:00:16]} 54. Re3
{[%clk 0:00:14]} hxg3 {[%clk 0:00:17]} 55. hxg3 {[%clk 0:00:15]} b3
{[%clk 0:00:18]} 56. Kc3 {[%clk 0:00:13]} Rf4 57. Rf3 {[%clk 0:00:14]} Rxe4
{[%clk 0:00:13]} 58. Kxb3 {[%clk 0:00:14]} Re2 {[%clk 0:00:15]} 59. Kc4
{[%clk 0:00:15]} f5 {[%clk 0:00:14]} 60. Rb3 {[%clk 0:00:16]} Ke4
{[%clk 0:00:13]} 61. Kd4+ Re3+ 0-1

[Event "Blitz 2018"]
[Site "Saint-Petersburg"]
[Date "2018.12.30"]
[Round "17"]
[Board "38"]
[White "Oparin Grigoriy (RUS)"]
[Black "Popov Ivan (RUS)"]
[Result "1/2-1/2"]
[LiveChessVersion "1.4.8"]
[BlackElo "2560"]
[WhiteElo "2641"]

1. Nf3 {[%clk 0:03:03]} d5 {[%clk 0:03:03]} 2. g3 {[%clk 0:03:04]} Nd7
{[%clk 0:03:03]} 3. d4 {[%clk 0:03:02]} b5 {[%clk 0:03:04]} 4. Bg2
{[%clk 0:02:58]} e6 {[%clk 0:03:04]} 5. Nbd2 {[%clk 0:02:57]} Ngf6
{[%clk 0:03:04]} 6. O-O {[%clk 0:02:57]} Bb7 {[%clk 0:03:04]} 7. Re1
{[%clk 0:02:54]} Be7 {[%clk 0:03:00]} 8. e4 {[%clk 0:02:53]} Nxe4
{[%clk 0:02:52]} 9. Nxe4 {[%clk 0:02:51]} dxe4 {[%clk 0:02:53]} 10. Nd2
{[%clk 0:02:51]} Nf6 {[%clk 0:02:46]} 11. Nxe4 {[%clk 0:02:47]} Nxe4
{[%clk 0:02:47]} 12. Bxe4 {[%clk 0:02:47]} Bxe4 {[%clk 0:02:48]} 13. Rxe4
{[%clk 0:02:48]} O-O {[%clk 0:02:47]} 14. Qe2 {[%clk 0:02:45]} c6
{[%clk 0:02:44]} 15. a4 {[%clk 0:02:42]} a6 {[%clk 0:02:42]} 16. c3
{[%clk 0:02:39]} Qd7 {[%clk 0:02:31]} 17. Bf4 {[%clk 0:02:32]} Bd6
{[%clk 0:02:28]} 18. Bxd6 {[%clk 0:02:24]} Qxd6 {[%clk 0:02:29]} 19. Re5
{[%clk 0:02:19]} b4 {[%clk 0:01:31]} 20. Qc4 {[%clk 0:02:20]} bxc3
{[%clk 0:01:29]} 21. bxc3 {[%clk 0:02:21]} g6 {[%clk 0:01:06]} 22. Rc5
{[%clk 0:02:16]} Rfb8 {[%clk 0:00:54]} 23. Rxc6 {[%clk 0:02:12]} Qd5
{[%clk 0:00:49]} 24. Qxd5 {[%clk 0:01:15]} exd5 {[%clk 0:00:50]} 25. Rc5
{[%clk 0:01:16]} Rc8 {[%clk 0:00:51]} 26. Rd1 {[%clk 0:01:13]} Kg7
{[%clk 0:00:46]} 27. Rd3 {[%clk 0:01:11]} Rxc5 {[%clk 0:00:37]} 28. dxc5
{[%clk 0:01:12]} Rd8 {[%clk 0:00:32]} 29. c6 {[%clk 0:00:24]} Rc8
{[%clk 0:00:32]} 30. Rxd5 {[%clk 0:00:25]} Rxc6 {[%clk 0:00:34]} 31. Ra5
{[%clk 0:00:26]} Rxc3 {[%clk 0:00:34]} 32. Rxa6 {[%clk 0:00:27]} g5
{[%clk 0:00:35]} 33. h3 {[%clk 0:00:26]} Ra3 {[%clk 0:00:34]} 34. Kg2
{[%clk 0:00:25]} h5 {[%clk 0:00:34]} 35. Ra5 {[%clk 0:00:23]} Kg6
{[%clk 0:00:31]} 36. h4 {[%clk 0:00:22]} f6 {[%clk 0:00:27]} 37. f4
{[%clk 0:00:08]} Ra2+ {[%clk 0:00:17]} 38. Kg1 {[%clk 0:00:08]} Ra3
{[%clk 0:00:12]} 39. fxg5 {[%clk 0:00:05]} Rxg3+ {[%clk 0:00:11]} 40. Kf2
{[%clk 0:00:06]} Rg4 {[%clk 0:00:11]} 41. Ra6 {[%clk 0:00:07]} Rxh4
{[%clk 0:00:11]} 42. gxf6 {[%clk 0:00:08]} Rb4 {[%clk 0:00:09]} 43. Kg3
{[%clk 0:00:08]} Kf7 {[%clk 0:00:09]} 44. a5 {[%clk 0:00:06]} Ra4
{[%clk 0:00:10]} 45. Kf3 {[%clk 0:00:07]} h4 {[%clk 0:00:11]} 46. Ke3
{[%clk 0:00:04]} h3 {[%clk 0:00:11]} 47. Kf2 {[%clk 0:00:04]} h2 {[%clk 0:00:12]}
48. Kg2 {[%clk 0:00:05]} Ra2+ {[%clk 0:00:13]} 49. Kh1 {[%clk 0:00:06]} Kg6
{[%clk 0:00:14]} 50. Ra8 {[%clk 0:00:07]} Kxf6 {[%clk 0:00:14]} 1/2-1/2